000
00317nam a22001337a 4500
008
171030b xxu||||| |||| 00| 0 eng d
020
_a
9780256088557
041
_a
eng
080
_2
6 ED
_a
33
100
_a
58
101
_a
BUS
245
_a
INFORMATION SYSTEMS BUSSINESS MANAGEMENT
_c
JAMES.AO
942
_2
udc
_c
BK
999
_c
36582
_d
36582